Prueba CLP formas paralelas: niveles para la aplicación de la prueba de comprensión lectora de complejidad lingüística progresiva
Tallennettuna:
| Päätekijät: | , |
|---|---|
| Aineistotyyppi: | Kirja |
| Kieli: | espanja |
| Julkaistu: |
Santiago
Universidad Católica de Chile
1987
|
| Painos: | 2a. ed |
| Aiheet: | |
| Tagit: |
Lisää tagi
Ei tageja, Lisää ensimmäinen tagi!
|
MARC
| LEADER | 00000nam a2200000 a 4500 | ||
|---|---|---|---|
| 001 | UCW7133 | ||
| 003 | CL-VaPUC | ||
| 008 | 920908e19870000CL |||||||||||||||||spa|d | ||
| 082 | 0 | 4 | |a 372.4 |b ALL |2 21 |
| 100 | 0 | |a Alliende G., Felipe |e author |9 312253 | |
| 700 | 0 | |a Condemarín Grimberg, Mabel |e author |9 312254 | |
| 245 | 1 | 0 | |a Prueba CLP formas paralelas: niveles para la aplicación de la prueba de comprensión lectora de complejidad lingüística progresiva |
| 250 | |a 2a. ed | ||
| 300 | |a v | ||
| 942 | |c BK | ||
| 945 | |d 19920908 00:00:00 |a rbrito | ||
| 260 | |a Santiago |b Universidad Católica de Chile |c 1987 | ||
| 500 | |a v.1 p.1: Primer nivel A | ||
| 500 | |a v.1 p.2: Primer nivel B | ||
| 500 | |a v.2 p.1: Segundo nivel A | ||
| 500 | |a v.2 p.2: Segundo nivel B | ||
| 500 | |a v.3 p.1: Tercer nivel A | ||
| 500 | |a v.3 p.2: Tercer nivel B | ||
| 500 | |a v.4 p.1: Cuarto nivel A | ||
| 500 | |a v.4 p.2: Cuarto nivel B | ||
| 500 | |a v.5 p.1: Quinto nivel A | ||
| 500 | |a v.5 p.2: Quinto nivel B | ||
| 500 | |a v.6 p.1: Sexto nivel A | ||
| 500 | |a v.6 p.2: Sexto nivel B | ||
| 500 | |a v.7 p.1: Séptimo nivel A | ||
| 500 | |a v.7 p.2: Séptimo nivel B | ||
| 500 | |a v.8 p.1: Octavo nivel A | ||
| 500 | |a v.8 p.2: Octavo nivel B | ||
| 650 | 0 | |a Comprensión de lectura |9 307588 | |
| 650 | 0 | |a Pruebas |9 256249 | |
| 650 | 0 | |a Lectura |9 307634 | |
| 650 | 0 | |a Educación básica |9 224933 | |
| 583 | |a last modification |c 19920908 00:00:00 |k Rodrigo Vera | ||
| 999 | |c 219993 |d 219991 | ||
| 952 | |0 0 |1 0 |4 0 |6 372_400000000000000_ALL_1987 |7 0 |8 R |9 211630 |a BIBEDU |b BIBEDU |c MCIRC |d 2019-11-15 |h v.2 p.2 |i 2798220 |o 372.4 ALL 1987 |p 2798220 |r 2023-01-13 |w 2019-11-15 |y BK_R |k EPE | ||
| 952 | |0 0 |1 0 |4 0 |6 372_400000000000000_ALL_1987 |7 0 |8 R |9 211631 |a BIBEDU |b BIBEDU |c MCIRC |d 2019-11-15 |h v.1 p.1 |i 2798239 |o 372.4 ALL 1987 |p 2798239 |r 2023-01-13 |w 2019-11-15 |y BK_R |k EPE | ||
| 952 | |0 0 |1 0 |4 0 |6 372_400000000000000_ALL_1987 |7 0 |8 R |9 211632 |a BIBEDU |b BIBEDU |c MCIRC |d 2019-11-15 |h v.4 p.2 |i 2798247 |o 372.4 ALL 1987 |p 2798247 |r 2023-01-13 |w 2019-11-15 |y BK_R |k EPE | ||
| 952 | |0 0 |1 0 |4 0 |6 372_400000000000000_ALL_1987 |7 0 |8 R |9 211633 |a BIBEDU |b BIBEDU |c MCIRC |d 2019-11-15 |h v.1 p.1 |i 207558K |o 372.4 ALL 1987 |p 207558K |r 2023-01-13 |w 2019-11-15 |y BK_R |k EPE | ||
| 952 | |0 0 |1 0 |4 0 |6 372_400000000000000_ALL_1987 |7 0 |8 R |9 211634 |a BIBEDU |b BIBEDU |c MCIRC |d 2019-11-15 |h v.1 p.1 |i 2075598 |o 372.4 ALL 1987 |p 2075598 |r 2023-01-13 |w 2019-11-15 |y BK_R |k EPE | ||
| 952 | |0 0 |1 0 |4 0 |6 372_400000000000000_ALL_1987 |7 0 |8 R |9 211635 |a BIBEDU |b BIBEDU |c MCIRC |d 2019-11-15 |h v.1 p.2 |i 2798255 |o 372.4 ALL 1987 |p 2798255 |r 2019-11-15 |w 2019-11-15 |y BK_R |k EPE | ||
| 952 | |0 0 |1 0 |4 0 |6 372_400000000000000_ALL_1987 |7 0 |8 R |9 211636 |a BIBEDU |b BIBEDU |c MCIRC |d 2019-11-15 |h v.1 p.2 |i 2798263 |o 372.4 ALL 1987 |p 2798263 |r 2023-01-13 |w 2019-11-15 |y BK_R |k EPE | ||
| 952 | |0 0 |1 0 |4 0 |6 372_400000000000000_ALL_1987 |7 0 |8 R |9 211637 |a BIBEDU |b BIBEDU |c MCIRC |d 2019-11-15 |h v.1 p.2 |i 2798271 |o 372.4 ALL 1987 |p 2798271 |r 2023-01-13 |w 2019-11-15 |y BK_R |k EPE | ||
| 952 | |0 0 |1 0 |4 0 |6 372_400000000000000_ALL_1987 |7 0 |8 R |9 211638 |a BIBEDU |b BIBEDU |c MCIRC |d 2019-11-15 |h v.8 p.2 |i 279828K |o 372.4 ALL 1987 |p 279828K |r 2023-01-13 |w 2019-11-15 |y BK_R |k EPE | ||
| 952 | |0 0 |1 0 |2 ddc |4 0 |6 372_400000000000000_ALL_1987 |7 0 |8 A |9 211639 |a BIBEDU |b BIBEDU |d 2019-11-15 |h v.2 p.1 |i 2972441 |o 372.4 ALL 1987 |p 2972441 |r 2019-11-15 |w 2019-11-15 |y BK |k EPE | ||
| 952 | |0 0 |1 0 |4 0 |6 372_400000000000000_ALL_1987 |7 0 |8 R |9 211640 |a BIBEDU |b BIBEDU |c MCIRC |d 2019-11-15 |h v.2 p.1 |i 2798298 |o 372.4 ALL 1987 |p 2798298 |r 2023-01-13 |w 2019-11-15 |y BK_R |k EPE | ||
| 952 | |0 0 |1 0 |4 0 |6 372_400000000000000_ALL_1987 |7 0 |8 R |9 211641 |a BIBEDU |b BIBEDU |c MCIRC |d 2019-11-15 |h v.2 p.1 |i 2075601 |o 372.4 ALL 1987 |p 2075601 |r 2023-01-13 |w 2019-11-15 |y BK_R |k EPE | ||
| 952 | |0 0 |1 0 |4 0 |6 372_400000000000000_ALL_1987 |7 0 |8 R |9 211642 |a BIBEDU |b BIBEDU |c MCIRC |d 2019-11-15 |h v.2 p.1 |i 207561K |o 372.4 ALL 1987 |p 207561K |r 2023-01-13 |w 2019-11-15 |y BK_R |k EPE | ||
| 952 | |0 0 |1 0 |4 0 |6 372_400000000000000_ALL_1987 |7 0 |8 R |9 211643 |a BIBEDU |b BIBEDU |c MCIRC |d 2019-11-15 |h v.2 p.1 |i 2075628 |o 372.4 ALL 1987 |p 2075628 |r 2023-01-13 |w 2019-11-15 |y BK_R |k EPE | ||
| 952 | |0 0 |1 0 |4 0 |6 372_400000000000000_ALL_1987 |7 0 |8 R |9 211644 |a BIBEDU |b BIBEDU |c MCIRC |d 2019-11-15 |h v.2 p.2 |i 2798301 |o 372.4 ALL 1987 |p 2798301 |r 2023-01-13 |w 2019-11-15 |y BK_R |k EPE | ||
| 952 | |0 0 |1 0 |4 0 |6 372_400000000000000_ALL_1987 |7 0 |8 R |9 211645 |a BIBEDU |b BIBEDU |c MCIRC |d 2019-11-15 |h v.2 p.2 |i 279831K |o 372.4 ALL 1987 |p 279831K |r 2023-01-13 |w 2019-11-15 |y BK_R |k EPE | ||
| 952 | |0 0 |1 0 |4 0 |6 372_400000000000000_ALL_1987 |7 0 |8 R |9 211646 |a BIBEDU |b BIBEDU |d 2019-11-15 |h v.4 p.1 |i 2798328 |o 372.4 ALL 1987 |p 2798328 |r 2023-01-13 |w 2019-11-15 |y BK_R |k EPE | ||
| 952 | |0 0 |1 0 |4 0 |6 372_400000000000000_ALL_1987 |7 0 |8 R |9 211647 |a BIBEDU |b BIBEDU |c MCIRC |d 2019-11-15 |h v.2 p.2 |i 2075636 |o 372.4 ALL 1987 |p 2075636 |r 2023-01-13 |w 2019-11-15 |y BK_R |k EPE | ||
| 952 | |0 0 |1 0 |4 0 |6 372_400000000000000_ALL_1987 |7 0 |8 R |9 211648 |a BIBEDU |b BIBEDU |c MCIRC |d 2019-11-15 |h v.3 p.1 |i 2798336 |o 372.4 ALL 1987 |p 2798336 |r 2023-01-13 |w 2019-11-15 |y BK_R |k EPE | ||
| 952 | |0 0 |1 0 |4 0 |6 372_400000000000000_ALL_1987 |7 0 |8 R |9 211649 |a BIBEDU |b BIBEDU |c MCIRC |d 2019-11-15 |h v.3 p.1 |i 2798352 |o 372.4 ALL 1987 |p 2798352 |r 2023-01-13 |w 2019-11-15 |y BK_R |k EPE | ||
| 952 | |0 0 |1 0 |4 0 |6 372_400000000000000_ALL_1987 |7 0 |8 R |9 211650 |a BIBEDU |b BIBEDU |c MCIRC |d 2019-11-15 |h v.3 p.1 |i 2075644 |o 372.4 ALL 1987 |p 2075644 |r 2023-01-13 |w 2019-11-15 |y BK_R |k EPE | ||
| 952 | |0 0 |1 0 |4 0 |6 372_400000000000000_ALL_1987 |7 0 |8 R |9 211651 |a BIBEDU |b BIBEDU |c MCIRC |d 2019-11-15 |h v.3 p.1 |i 2075652 |o 372.4 ALL 1987 |p 2075652 |r 2023-01-13 |w 2019-11-15 |y BK_R |k EPE | ||
| 952 | |0 0 |1 0 |2 ddc |4 0 |6 372_400000000000000_ALL_1987 |7 0 |8 A |9 211652 |a BIBEDU |b BIBEDU |d 2019-11-15 |h v.3 p.2 |i 2972433 |o 372.4 ALL 1987 |p 2972433 |r 2019-11-15 |w 2019-11-15 |y BK |k EPE | ||
| 952 | |0 0 |1 0 |4 0 |6 372_400000000000000_ALL_1987 |7 0 |8 R |9 211653 |a BIBEDU |b BIBEDU |c MCIRC |d 2019-11-15 |h v.3 p.2 |i 2075660 |o 372.4 ALL 1987 |p 2075660 |r 2023-01-13 |w 2019-11-15 |y BK_R |k EPE | ||
| 952 | |0 0 |1 0 |4 0 |6 372_400000000000000_ALL_1987 |7 0 |8 R |9 211654 |a BIBEDU |b BIBEDU |c MCIRC |d 2019-11-15 |h v.3 p.2 |i 2075679 |o 372.4 ALL 1987 |p 2075679 |r 2023-01-13 |w 2019-11-15 |y BK_R |k EPE | ||
| 952 | |0 0 |1 0 |4 0 |6 372_400000000000000_ALL_1987 |7 0 |8 R |9 211655 |a BIBEDU |b BIBEDU |c MCIRC |d 2019-11-15 |h v.4 p.1 |i 153842K |o 372.4 ALL 1987 |p 153842K |r 2023-01-13 |w 2019-11-15 |y BK_R |k EPE | ||
| 952 | |0 0 |1 0 |4 0 |6 372_400000000000000_ALL_1987 |7 0 |8 R |9 211656 |a BIBEDU |b BIBEDU |c MCIRC |d 2019-11-15 |h v.4 p.2 |i 1560816 |o 372.4 ALL 1987 |p 1560816 |r 2023-01-13 |w 2019-11-15 |y BK_R |k EPE | ||
| 952 | |0 0 |1 0 |4 0 |6 372_400000000000000_ALL_1987 |7 0 |8 R |9 211657 |a BIBEDU |b BIBEDU |c MCIRC |d 2019-11-15 |h v.4 p.2 |i 1560824 |o 372.4 ALL 1987 |p 1560824 |r 2023-01-13 |w 2019-11-15 |y BK_R |k EPE | ||
| 952 | |0 0 |1 0 |4 0 |6 372_400000000000000_ALL_1987 |7 0 |8 R |9 211658 |a BIBEDU |b BIBEDU |c MCIRC |d 2019-11-15 |h v.4 p.2 |i 1560832 |o 372.4 ALL 1987 |p 1560832 |r 2023-01-13 |w 2019-11-15 |y BK_R |k EPE | ||
| 952 | |0 0 |1 0 |4 0 |6 372_400000000000000_ALL_1987 |7 0 |8 R |9 211659 |a BIBEDU |b BIBEDU |c MCIRC |d 2019-11-15 |h v.5 p.1 |i 1560840 |o 372.4 ALL 1987 |p 1560840 |r 2023-01-13 |w 2019-11-15 |y BK_R |k EPE | ||
| 952 | |0 0 |1 0 |4 0 |6 372_400000000000000_ALL_1987 |7 0 |8 R |9 211660 |a BIBEDU |b BIBEDU |c MCIRC |d 2019-11-15 |h v.5 p.1 |i 1560859 |o 372.4 ALL 1987 |p 1560859 |r 2023-01-13 |w 2019-11-15 |y BK_R |k EPE | ||
| 952 | |0 0 |1 0 |4 0 |6 372_400000000000000_ALL_1987 |7 0 |8 R |9 211661 |a BIBEDU |b BIBEDU |c MCIRC |d 2019-11-15 |h v.5 p.1 |i 1560867 |o 372.4 ALL 1987 |p 1560867 |r 2023-01-13 |w 2019-11-15 |y BK_R |k EPE | ||
| 952 | |0 0 |1 0 |4 0 |6 372_400000000000000_ALL_1987 |7 0 |8 R |9 211662 |a BIBEDU |b BIBEDU |c MCIRC |d 2019-11-15 |h v.5 p.1 |i 2075687 |o 372.4 ALL 1987 |p 2075687 |r 2023-01-13 |w 2019-11-15 |y BK_R |k EPE | ||
| 952 | |0 0 |1 0 |4 0 |6 372_400000000000000_ALL_1987 |7 0 |8 R |9 211663 |a BIBEDU |b BIBEDU |c MCIRC |d 2019-11-15 |h v.5 p.2 |i 1560875 |o 372.4 ALL 1987 |p 1560875 |r 2023-01-13 |w 2019-11-15 |y BK_R |k EPE | ||
| 952 | |0 0 |1 0 |4 0 |6 372_400000000000000_ALL_1987 |7 0 |8 R |9 211664 |a BIBEDU |b BIBEDU |c MCIRC |d 2019-11-15 |h v.5 p.2 |i 1560883 |o 372.4 ALL 1987 |p 1560883 |r 2023-01-13 |w 2019-11-15 |y BK_R |k EPE | ||
| 952 | |0 0 |1 0 |4 0 |6 372_400000000000000_ALL_1987 |7 0 |8 R |9 211665 |a BIBEDU |b BIBEDU |c MCIRC |d 2019-11-15 |h v.5 p.2 |i 2075695 |o 372.4 ALL 1987 |p 2075695 |r 2023-01-13 |w 2019-11-15 |y BK_R |k EPE | ||
| 952 | |0 0 |1 0 |4 0 |6 372_400000000000000_ALL_1987 |7 0 |8 R |9 211666 |a BIBEDU |b BIBEDU |c MCIRC |d 2019-11-15 |h v.6 p.1 |i 1560905 |o 372.4 ALL 1987 |p 1560905 |r 2023-01-13 |w 2019-11-15 |y BK_R |k EPE | ||
| 952 | |0 0 |1 0 |4 0 |6 372_400000000000000_ALL_1987 |7 0 |8 R |9 211667 |a BIBEDU |b BIBEDU |c MCIRC |d 2019-11-15 |h v.6 p.1 |i 1560913 |o 372.4 ALL 1987 |p 1560913 |r 2023-01-13 |w 2019-11-15 |y BK_R |k EPE | ||
| 952 | |0 0 |1 0 |4 0 |6 372_400000000000000_ALL_1987 |7 0 |8 R |9 211668 |a BIBEDU |b BIBEDU |c MCIRC |d 2019-11-15 |h v.6 p.1 |i 1560921 |o 372.4 ALL 1987 |p 1560921 |r 2023-01-13 |w 2019-11-15 |y BK_R |k EPE | ||
| 952 | |0 0 |1 0 |4 0 |6 372_400000000000000_ALL_1987 |7 0 |8 R |9 211669 |a BIBEDU |b BIBEDU |c MCIRC |d 2019-11-15 |h v.6 p.2 |i 156093K |o 372.4 ALL 1987 |p 156093K |r 2023-01-13 |w 2019-11-15 |y BK_R |k EPE | ||
| 952 | |0 0 |1 0 |4 0 |6 372_400000000000000_ALL_1987 |7 0 |8 R |9 211670 |a BIBEDU |b BIBEDU |c MCIRC |d 2019-11-15 |h v.6 p.2 |i 1560948 |o 372.4 ALL 1987 |p 1560948 |r 2023-01-13 |w 2019-11-15 |y BK_R |k EPE | ||
| 952 | |0 0 |1 0 |4 0 |6 372_400000000000000_ALL_1987 |7 0 |8 R |9 211671 |a BIBEDU |b BIBEDU |c MCIRC |d 2019-11-15 |h v.6 p.2 |i 1560956 |o 372.4 ALL 1987 |p 1560956 |r 2023-01-13 |w 2019-11-15 |y BK_R |k EPE | ||
| 952 | |0 0 |1 0 |4 0 |6 372_400000000000000_ALL_1987 |7 0 |8 R |9 211672 |a BIBEDU |b BIBEDU |c MCIRC |d 2019-11-15 |h v.7 p.1 |i 1560964 |o 372.4 ALL 1987 |p 1560964 |r 2023-01-13 |w 2019-11-15 |y BK_R |k EPE | ||
| 952 | |0 0 |1 0 |4 0 |6 372_400000000000000_ALL_1987 |7 0 |8 R |9 211673 |a BIBEDU |b BIBEDU |c MCIRC |d 2019-11-15 |h v.7 p.1 |i 1560972 |o 372.4 ALL 1987 |p 1560972 |r 2023-01-13 |w 2019-11-15 |y BK_R |k EPE | ||
| 952 | |0 0 |1 0 |4 0 |6 372_400000000000000_ALL_1987 |7 0 |8 R |9 211674 |a BIBEDU |b BIBEDU |c MCIRC |d 2019-11-15 |h v.7 p.1 |i 1560980 |o 372.4 ALL 1987 |p 1560980 |r 2023-01-13 |w 2019-11-15 |y BK_R |k EPE | ||
| 952 | |0 0 |1 0 |4 0 |6 372_400000000000000_ALL_1987 |7 0 |8 R |9 211675 |a BIBEDU |b BIBEDU |c MCIRC |d 2019-11-15 |h v.7 p.1 |i 2075709 |o 372.4 ALL 1987 |p 2075709 |r 2023-01-13 |w 2019-11-15 |y BK_R |k EPE | ||
| 952 | |0 0 |1 0 |4 0 |6 372_400000000000000_ALL_1987 |7 0 |8 R |9 211676 |a BIBEDU |b BIBEDU |c MCIRC |d 2019-11-15 |h v.7 p.2 |i 1560999 |o 372.4 ALL 1987 |p 1560999 |r 2023-01-13 |w 2019-11-15 |y BK_R |k EPE | ||
| 952 | |0 0 |1 0 |4 0 |6 372_400000000000000_ALL_1987 |7 0 |8 R |9 211677 |a BIBEDU |b BIBEDU |d 2019-11-15 |h v.7 p.2 |i 1561006 |o 372.4 ALL 1987 |p 1561006 |r 2023-01-13 |w 2019-11-15 |y BK_R |k EPE | ||
| 952 | |0 0 |1 0 |4 0 |6 372_400000000000000_ALL_1987 |7 0 |8 R |9 211678 |a BIBEDU |b BIBEDU |c MCIRC |d 2019-11-15 |h v.8 p.1 |i 1561014 |o 372.4 ALL 1987 |p 1561014 |r 2023-01-13 |w 2019-11-15 |y BK_R |k EPE | ||
| 952 | |0 0 |1 0 |4 0 |6 372_400000000000000_ALL_1987 |7 0 |8 R |9 211679 |a BIBEDU |b BIBEDU |c MCIRC |d 2019-11-15 |h v.8 p.1 |i 1561022 |o 372.4 ALL 1987 |p 1561022 |r 2023-01-13 |w 2019-11-15 |y BK_R |k EPE | ||
| 952 | |0 0 |1 0 |4 0 |6 372_400000000000000_ALL_1987 |7 0 |8 R |9 211680 |a BIBEDU |b BIBEDU |c MCIRC |d 2019-11-15 |h v.8 p.2 |i 1561049 |o 372.4 ALL 1987 |p 1561049 |r 2023-01-13 |w 2019-11-15 |y BK_R |k EPE | ||
| 952 | |0 0 |1 0 |4 0 |6 372_400000000000000_ALL_1987 |7 0 |8 R |9 211681 |a BIBEDU |b BIBEDU |c MCIRC |d 2019-11-15 |h v.8 p.2 |i 1561057 |o 372.4 ALL 1987 |p 1561057 |r 2023-01-13 |w 2019-11-15 |y BK_R |k EPE | ||
| 952 | |0 0 |1 0 |4 0 |6 372_400000000000000_ALL_1987 |7 0 |8 R |9 211682 |a BIBEDU |b BIBEDU |c MCIRC |d 2019-11-15 |h v.8 p.2 |i 1561065 |o 372.4 ALL 1987 |p 1561065 |r 2023-01-13 |w 2019-11-15 |y BK_R |k EPE | ||
| 952 | |0 0 |1 0 |4 0 |6 372_400000000000000_ALL_1987 |7 0 |8 A |9 211683 |a FDOPOS |b FDOPOS |d 2019-11-15 |h v.1 p.1 |i 1471260 |o 372.4 ALL 1987 |p 1471260 |r 2025-01-22 |w 2019-11-15 |y BK |k MLA | ||
| 952 | |0 0 |1 0 |4 0 |6 372_400000000000000_ALL_1987 |7 0 |8 A |9 211684 |a FDOPOS |b FDOPOS |d 2019-11-15 |h v.1 p.2 |i 1471244 |o 372.4 ALL 1987 |p 1471244 |r 2025-01-22 |w 2019-11-15 |y BK |k MLA | ||
| 952 | |0 0 |1 0 |4 0 |6 372_400000000000000_ALL_1987 |7 0 |8 A |9 211685 |a FDOPOS |b FDOPOS |d 2019-11-15 |h v.2 p.1 |i 1471295 |o 372.4 ALL 1987 |p 1471295 |r 2025-01-22 |w 2019-11-15 |y BK |k MLA | ||
| 952 | |0 0 |1 0 |4 0 |6 372_400000000000000_ALL_1987 |7 0 |8 A |9 211686 |a FDOPOS |b FDOPOS |d 2019-11-15 |h v.2 p.2 |i 1471236 |o 372.4 ALL 1987 |p 1471236 |r 2025-01-22 |w 2019-11-15 |y BK |k MLA | ||
| 952 | |0 0 |1 0 |4 0 |6 372_400000000000000_ALL_1987 |7 0 |8 A |9 211687 |a FDOPOS |b FDOPOS |d 2019-11-15 |h v.3 p.1 |i 147121K |o 372.4 ALL 1987 |p 147121K |r 2025-01-22 |w 2019-11-15 |y BK |k MLA | ||
| 952 | |0 0 |1 0 |4 0 |6 372_400000000000000_ALL_1987 |7 0 |8 A |9 211688 |a FDOPOS |b FDOPOS |d 2019-11-15 |i 4319281 |o 372.4 ALL 1987 |p 4319281 |r 2025-01-22 |w 2019-11-15 |y BK |k MLA | ||
| 952 | |0 0 |1 0 |4 0 |6 372_400000000000000_ALL_1987 |7 0 |8 A |9 211689 |a FDOPOS |b FDOPOS |d 2019-11-15 |i 431929K |o 372.4 ALL 1987 |p 431929K |r 2025-01-22 |w 2019-11-15 |y BK |k MLA | ||
| 952 | |0 0 |1 0 |4 0 |6 372_400000000000000_ALL_1987 |7 0 |8 A |9 211690 |a FDOPOS |b FDOPOS |d 2019-11-15 |i 4319303 |o 372.4 ALL 1987 |p 4319303 |r 2025-01-22 |w 2019-11-15 |y BK |k MLA | ||
| 952 | |0 0 |1 0 |4 0 |6 372_400000000000000_ALL_1987 |7 0 |8 A |9 211691 |a FDOPOS |b FDOPOS |d 2019-11-15 |i 4319311 |o 372.4 ALL 1987 |p 4319311 |r 2025-01-22 |w 2019-11-15 |y BK |k MLA | ||
| 952 | |0 0 |1 0 |4 0 |6 372_400000000000000_ALL_1987 |7 0 |8 A |9 211692 |a FDOPOS |b FDOPOS |d 2019-11-15 |i 431932K |o 372.4 ALL 1987 |p 431932K |r 2025-01-22 |w 2019-11-15 |y BK |k MLA | ||
| 952 | |0 0 |1 0 |4 0 |6 372_400000000000000_ALL_1987 |7 0 |8 A |9 211693 |a FDOPOS |b FDOPOS |d 2019-11-15 |i 4319338 |o 372.4 ALL 1987 |p 4319338 |r 2025-01-22 |w 2019-11-15 |y BK |k MLA | ||
| 952 | |0 0 |1 0 |4 0 |6 372_400000000000000_ALL_1987 |7 0 |8 A |9 211694 |a FDOPOS |b FDOPOS |d 2019-11-15 |i 4319346 |o 372.4 ALL 1987 |p 4319346 |r 2025-01-22 |w 2019-11-15 |y BK |k MLA | ||
| 952 | |0 0 |1 0 |4 0 |6 372_400000000000000_ALL_1987 |7 0 |8 A |9 211695 |a FDOPOS |b FDOPOS |d 2019-11-15 |i 4319354 |o 372.4 ALL 1987 |p 4319354 |r 2025-01-22 |w 2019-11-15 |y BK |k MLA | ||
| 952 | |0 0 |1 0 |4 0 |6 372_400000000000000_ALL_1987 |7 0 |8 A |9 211696 |a FDOPOS |b FDOPOS |d 2019-11-15 |i 4319362 |o 372.4 ALL 1987 |p 4319362 |r 2025-01-22 |w 2019-11-15 |y BK |k MLA | ||
| 952 | |0 0 |1 0 |4 0 |6 372_400000000000000_ALL_1987 |7 0 |8 A |9 211697 |a FDOPOS |b FDOPOS |d 2019-11-15 |i 4319370 |o 372.4 ALL 1987 |p 4319370 |r 2025-01-22 |w 2019-11-15 |y BK |k MLA | ||
| 952 | |0 0 |1 0 |4 0 |6 372_400000000000000_ALL_1987 |7 0 |8 A |9 211698 |a FDOPOS |b FDOPOS |d 2019-11-15 |i 4319389 |o 372.4 ALL 1987 |p 4319389 |r 2025-01-22 |w 2019-11-15 |y BK |k MLA | ||
| 952 | |0 0 |1 0 |4 0 |6 372_400000000000000_ALL_1987 |7 0 |8 A |9 211699 |a FDOPOS |b FDOPOS |d 2019-11-15 |i 4319397 |o 372.4 ALL 1987 |p 4319397 |r 2025-01-22 |w 2019-11-15 |y BK |k MLA | ||
| 952 | |0 0 |1 0 |4 0 |6 372_400000000000000_ALL_1987 |7 0 |8 A |9 211700 |a FDOPOS |b FDOPOS |d 2019-11-15 |i 4319400 |o 372.4 ALL 1987 |p 4319400 |r 2025-01-22 |w 2019-11-15 |y BK |k MLA | ||
| 952 | |0 0 |1 0 |4 0 |6 372_400000000000000_ALL_1987 |7 0 |8 A |9 211701 |a FDOPOS |b FDOPOS |d 2019-11-15 |i 4319419 |o 372.4 ALL 1987 |p 4319419 |r 2025-01-22 |w 2019-11-15 |y BK |k MLA | ||